00626nam a2200193Ia 4500003000900000008004100009040001600050080001500066100002400081245008000105260003300185300001300218650002000231650001900251700002400270942000700294999001500301952011600316IN-BaIIA211028s9999 xx 000 0 eng d cIIA Library a681.3bWAS aWass, C. A. A93244 0aIntroduction to electronic analogue computerscC.A.A. Wass and K.C. Garner. aLondonbPergamon Pressc1956 ax, 237p. aComputers92283 aNASA thesaurus aGarner, K. C.93245 cBK c1630d1630 00104070aBANbBANcGENd0000-00-00g14.00l0o681.3/ WASp1790r2021-11-05v14.00w0000-00-00yBKGRs. 14.00